La politique budgétaire en Europe : (Record no. 120776)

MARC details
000 -LEADER
campo de control de longitud fija 00884nam a2200229 4500
001 - NÚMERO DE CONTROL
campo de control 120776
003 - IDENTIFICADOR DE NÚMERO DE CONTROL
campo de control ES-MaACL
005 - FECHA Y HORA DE LA ÚLTIMA TRANSACCIÓN
campo de control 20230906191624.0
007 - CAMPO FIJO DE DESCRIPCIÓN FÍSICA--INFORMACIÓN GENERAL
campo de control de longitud fija t|
008 - DATOS DE LONGITUD FIJA--INFORMACIÓN GENERAL
campo de control de longitud fija 070214s1910 fr r ||||1| fre d
245 03 - MENCIÓN DEL TÍTULO
Título La politique budgétaire en Europe :
Resto del título les tendances actuelles : conferences organisees á la Societé des Anciens élèves de l'Ecole libre des sciences politiques /
Mención de responsabilidad, etc. preface de François Lefort, E. Parent.
260 ## - PUBLICACIÓN, DISTRIBUCIÓN, ETC.
Lugar de publicación, distribución, etc. Paris :
Nombre del editor, distribuidor, etc. Evreux Ch. Herissey,
Fecha de publicación, distribución, etc. 1910.
300 ## - DESCRIPCIÓN FÍSICA
Extensión XIV, 316 p. ;
Dimensiones 19 cm.
490 1# - MENCIÓN DE SERIE
Mención de serie Bibliothèque d'histoire contemporaine
651 #4 - PUNTO DE ACCESO ADICIONAL DE MATERIA--NOMBRE GEOGRÁFICO
Nombre geográfico Europa-
Subdivisión general Política fiscal.
9 (RLIN) 172901
700 1# - ENTRADA AGREGADA--NOMBRE PERSONAL
Nombre de persona Lefort, François.
9 (RLIN) 71250
700 1# - ENTRADA AGREGADA--NOMBRE PERSONAL
Nombre de persona Parent, E.
9 (RLIN) 89085
710 2# - ENTRADA AGREGADA--NOMBRE DE ENTIDAD CORPORATIVA
Nombre de entidad corporativa o nombre de jurisdicción como elemento de entrada École libre des sciences politiques (Paris)
9 (RLIN) 3414
830 1# - PUNTO DE ACCESO ADICIONAL DE SERIE-TÍTULO UNIFORME
Título uniforme Bibliothèque d'histoire contemporaine
9 (RLIN) 180875
852 ## - LOCALIZACIÓN
Ubicación ES-MaACL
Número de control de estantería F-7968
Holdings
Estatus retirado Estado de pérdida Estado de daño No para préstamo Biblioteca de origen Biblioteca actual Ubicación en estantería Fecha de adquisición Fuente de adquisición Total de préstamos Signatura topográfica completa Código de barras Visto por última vez Precio de reemplazo Tipo de ítem Koha
        Biblioteca del Ateneo de Madrid Biblioteca del Ateneo de Madrid Sala Pecera Planta 2 17/01/2008     F-7968 1125884 23/02/2023 23/02/2023 Libro impreso